Đà lạt xưa
Tập hợp những bài viết về Tp. Đà Lạt từ đất đai, địa chất, khí hậu đến lịch sử hình thành và phát triển cũng như một số đặc trưng trong kinh tế, xã hội và con người của vùng đất này....
Spremljeno u:
| Format: | Knjiga |
|---|---|
| Jezik: | Undetermined |
| Izdano: |
Hà Nội
Thời đại ; Tạp chí Xưa & Nay
2013
|
| Teme: | |
| Oznake: |
Dodaj oznaku
Bez oznaka, Budi prvi tko označuje ovaj zapis!
|
| Thư viện lưu trữ: | Trung tâm Học liệu Trường Đại học Cần Thơ |
|---|
| LEADER | 00930nam a2200217Ia 4500 | ||
|---|---|---|---|
| 001 | CTU_188367 | ||
| 008 | 210402s9999 xx 000 0 und d | ||
| 020 | |c 100000 | ||
| 082 | |a 915.97 | ||
| 082 | |b Đ100 | ||
| 245 | 0 | |a Đà lạt xưa | |
| 245 | 0 | |c Hoàng Xuân Hãn, ...[et al.] | |
| 260 | |a Hà Nội | ||
| 260 | |b Thời đại ; Tạp chí Xưa & Nay | ||
| 260 | |c 2013 | ||
| 520 | |a Tập hợp những bài viết về Tp. Đà Lạt từ đất đai, địa chất, khí hậu đến lịch sử hình thành và phát triển cũng như một số đặc trưng trong kinh tế, xã hội và con người của vùng đất này. | ||
| 650 | |a Vietnam,Việt nam | ||
| 650 | |x Economic geography,Địa lý kinh tế | ||
| 650 | |z Dalat,Đà Lạt | ||
| 910 | |a Thoại Linh,Hải | ||
| 980 | |a Trung tâm Học liệu Trường Đại học Cần Thơ | ||